000 00509 a2200181 4500
003 OSt
005 20230915103051.0
008 230825b |||||||| |||| 00| 0 eng d
020 _a9789353162184
040 _coclc
082 _a658.15
_bKHA/F
100 _aKhan, M Y
_91004
245 _aFinancial Management/
_c M Y Khan, P K Jain.
250 _a8th ed.
260 _aChennai:
_bMcgraw hill,
_c2023.
700 _aJain, P K
_91158
942 _2ddc
_cBK
_h658.15
_iKHA/F
_k658.15
_mKHA/F
999 _c41974
_d41974